NBA Team Trivia - Statistics

General Stats
  • This quiz has been taken 1,718 times
  • The average score is 6 of 6
Answer Stats
Years Teams % Correct
1996-2004 Los Angeles Lakers
99%
2010-2011 Boston Celtics
95%
2004-2008 Miami Heat
95%
1992–1996 Orlando Magic
93%
2008-2009 Phoenix Suns
87%
2009-2010 Cleveland Cavaliers
82%
No matching quizzes found
Score Distribution
Percent of People with Each Score
Percentile by Number Answered
Your Score History
You have not taken this quiz